000 00730nam a2200121Ia 4500
008 220615s9999||||xx |||||||||||||| ||und||
100 _aGellers, Joshua
245 0 _aRights for Robots
_bArtificial Intelligence, Animal and Environmental Law
546 _aEnglish[eng]
650 _aArtificial intelligence;Jurisprudence and general issues;Environment law;International law;Law of science and research, university college law;IT and Communications law / Postal laws and regulations;Human rights, civil rights;Social forecasting, future studies;Robotics
856 _uhttps://library.oapen.org/bitstream/20.500.12657/42664/1/9781000264579.pdf||https://library.oapen.org/bitstream/20.500.12657/42664/1/9781000264579.pdf
942 _cEB
999 _c15029
_d15029